Top 10 American Countries by Tourists - Statistics

General Stats
  • This quiz has been taken 52 times
  • The average score is 8 of 10
Answer Stats
Tourists Answer % Correct
22.1 M Canada
98%
45.0 M Mexico
93%
6.4 M Brazil
91%
79.3 M United States
89%
7.4 M Argentina
82%
4.5 M Chile
77%
4.4 M Peru
77%
4.2 M Colombia
75%
4.3 M Cuba
75%
6.4 M Dominican Republic
59%
No matching quizzes found
Score Distribution
Percent of People with Each Score
Percentile by Number Answered
Your Score History
You have not taken this quiz